Moonbeams from the Larger Lunacy (Record no. 233393)
[ view plain ]
| 000 -LEADER | |
|---|---|
| fixed length control field | 01091cam a22002413a 4500 |
| 001 - CONTROL NUMBER | |
| control field | 4064 |
| 003 - CONTROL NUMBER IDENTIFIER | |
| control field | PGUSA |
| 005 - DATE AND TIME OF LATEST TRANSACTION | |
| control field | 20140828083048.0 |
| 008 - FIXED-LENGTH DATA ELEMENTS--GENERAL INFORMATION | |
| fixed length control field | 030501s2003||||xxu|||||s|||||000 | eng d |
| 040 ## - CATALOGING SOURCE | |
| Original cataloging agency | PGUSA |
| Language of cataloging | eng |
| 042 ## - AUTHENTICATION CODE | |
| Authentication code | dc |
| 050 #4 - LIBRARY OF CONGRESS CALL NUMBER | |
| Classification number | PS |
| 100 1# - MAIN ENTRY--PERSONAL NAME | |
| Personal name | Leacock, Stephen, |
| Dates associated with a name | 1869-1944 |
| 245 10 - TITLE STATEMENT | |
| Title | Moonbeams from the Larger Lunacy |
| Medium | [electronic resource] / |
| Statement of responsibility, etc | Stephen Leacock |
| 260 ## - PUBLICATION, DISTRIBUTION, ETC. (IMPRINT) | |
| Name of publisher, distributor, etc | Project Gutenberg, |
| Date of publication, distribution, etc | 2003 |
| 505 0# - FORMATTED CONTENTS NOTE | |
| Formatted contents note | Spoof: a thousand guinea novel -- The reading public -- Afternoon adventures at my club -- Ram Spudd -- Aristocratic anecdotes -- Education made agreeable -- An every-day experience -- Truthful oratory -- Our literary bureau -- Speeding up business -- Who is also who -- Passionate paragraphs -- Weejee the pet dog -- Sidelights on the supermen -- The survival of the fittest -- The first newspaper -- In the good time after the war. |
| 506 ## - RESTRICTIONS ON ACCESS NOTE | |
| Terms governing access | Public domain in the USA. |
| 516 ## - TYPE OF COMPUTER FILE OR DATA NOTE | |
| Type of computer file or data note | Electronic text |
| 653 ## - INDEX TERM--UNCONTROLLED | |
| Uncontrolled term | Canadian wit and humor |
| 830 #0 - SERIES ADDED ENTRY--UNIFORM TITLE | |
| Uniform title | Project Gutenberg |
| Volume number/sequential designation | 4064 |
| 856 40 - ELECTRONIC LOCATION AND ACCESS | |
| Uniform Resource Identifier | <a href="http://www.gutenberg.org/ebooks/4064">http://www.gutenberg.org/ebooks/4064</a> |
| 942 ## - ADDED ENTRY ELEMENTS (KOHA) | |
| Koha item type | eBooks |
| Withdrawn status | Lost status | Damaged status | Home library | Current library | Date acquired | Total Checkouts | Date last seen | Price effective from | Koha item type |
|---|---|---|---|---|---|---|---|---|---|
| Project Gutenberg | Project Gutenberg | 08/28/2014 | 08/28/2014 | 08/28/2014 | eBooks |